000 00348 a2200157 4500
001 190477
020 _a978-85-61167-60-8
040 _cMagnum
100 _aCastro, Rodolfo
240 1 0 _aO Ășltimo conto
_lpor
245 1 0 _aO Ășltimo conto
300 _a40
362 0 _a2013
697 _aLITERATURA INFANTO-JUVENIL ESTRANGEIRA
942 _cBK
999 _c190477
_d190477